<?xml version="1.0" encoding="UTF-8"?>
<collection xmlns="http://www.loc.gov/MARC21/slim">
 <record>
  <leader>01498nam a22002417a 4500</leader>
  <controlfield tag="001">NCT_48319</controlfield>
  <controlfield tag="008">180904b        xxu||||| |||| 00| 0 vie d</controlfield>
  <datafield tag="999" ind1=" " ind2=" ">
   <subfield code="c">2314</subfield>
   <subfield code="d">2314</subfield>
  </datafield>
  <datafield tag="020" ind1=" " ind2=" ">
   <subfield code="c">52000</subfield>
  </datafield>
  <datafield tag="082" ind1="0" ind2="4">
   <subfield code="2">23rd ed.</subfield>
   <subfield code="a">005.3</subfield>
   <subfield code="b">H407</subfield>
  </datafield>
  <datafield tag="100" ind1="1" ind2=" ">
   <subfield code="a">Lê Minh Hoàng</subfield>
   <subfield code="e">Chủ biên</subfield>
  </datafield>
  <datafield tag="245" ind1="1" ind2="0">
   <subfield code="a">Hướng dẫn sử dụng trình duyệt web Firefox</subfield>
   <subfield code="c">Lê Minh Hoàng</subfield>
  </datafield>
  <datafield tag="260" ind1=" " ind2=" ">
   <subfield code="a">H.</subfield>
   <subfield code="b">Lao động - Xã hội</subfield>
   <subfield code="c">2009</subfield>
  </datafield>
  <datafield tag="300" ind1=" " ind2=" ">
   <subfield code="a">217 tr.</subfield>
   <subfield code="b">Ảnh minh họa</subfield>
   <subfield code="c">24cm</subfield>
  </datafield>
  <datafield tag="520" ind1="3" ind2=" ">
   <subfield code="a">Nội dung sách cung cấp các cách thức tùy chỉnh để Firefox hoạt động tốt nhất, theo ý bạn.</subfield>
  </datafield>
  <datafield tag="653" ind1=" " ind2=" ">
   <subfield code="a">Công nghệ thông tin</subfield>
  </datafield>
  <datafield tag="942" ind1=" " ind2=" ">
   <subfield code="2">ddc</subfield>
   <subfield code="c">BK</subfield>
  </datafield>
  <datafield tag="952" ind1=" " ind2=" ">
   <subfield code="0">0</subfield>
   <subfield code="1">0</subfield>
   <subfield code="2">ddc</subfield>
   <subfield code="4">0</subfield>
   <subfield code="6">005_300000000000000_H407</subfield>
   <subfield code="7">0</subfield>
   <subfield code="9">13384</subfield>
   <subfield code="a">000001</subfield>
   <subfield code="b">000001</subfield>
   <subfield code="d">2018-09-04</subfield>
   <subfield code="o">005.3 H407</subfield>
   <subfield code="p">MD.01712</subfield>
   <subfield code="r">2018-09-04</subfield>
   <subfield code="v">52000.00</subfield>
   <subfield code="w">2018-09-04</subfield>
   <subfield code="y">BK</subfield>
  </datafield>
  <datafield tag="952" ind1=" " ind2=" ">
   <subfield code="0">0</subfield>
   <subfield code="1">0</subfield>
   <subfield code="2">ddc</subfield>
   <subfield code="4">0</subfield>
   <subfield code="6">005_300000000000000_H407</subfield>
   <subfield code="7">0</subfield>
   <subfield code="9">13385</subfield>
   <subfield code="a">000001</subfield>
   <subfield code="b">000001</subfield>
   <subfield code="d">2018-09-04</subfield>
   <subfield code="o">005.3 H407</subfield>
   <subfield code="p">MD.01713</subfield>
   <subfield code="r">2018-09-04</subfield>
   <subfield code="v">52000.00</subfield>
   <subfield code="w">2018-09-04</subfield>
   <subfield code="y">BK</subfield>
  </datafield>
  <datafield tag="952" ind1=" " ind2=" ">
   <subfield code="0">0</subfield>
   <subfield code="1">0</subfield>
   <subfield code="2">ddc</subfield>
   <subfield code="4">0</subfield>
   <subfield code="6">005_300000000000000_H407</subfield>
   <subfield code="7">0</subfield>
   <subfield code="9">13386</subfield>
   <subfield code="a">000001</subfield>
   <subfield code="b">000001</subfield>
   <subfield code="d">2018-09-04</subfield>
   <subfield code="o">005.3 H407</subfield>
   <subfield code="p">MD.01714</subfield>
   <subfield code="r">2021-01-14</subfield>
   <subfield code="v">52000.00</subfield>
   <subfield code="w">2018-09-04</subfield>
   <subfield code="y">BK</subfield>
  </datafield>
  <datafield tag="952" ind1=" " ind2=" ">
   <subfield code="0">0</subfield>
   <subfield code="1">0</subfield>
   <subfield code="2">ddc</subfield>
   <subfield code="4">0</subfield>
   <subfield code="6">005_300000000000000_H407</subfield>
   <subfield code="7">0</subfield>
   <subfield code="9">13387</subfield>
   <subfield code="a">000001</subfield>
   <subfield code="b">000001</subfield>
   <subfield code="d">2018-09-04</subfield>
   <subfield code="o">005.3 H407</subfield>
   <subfield code="p">MD.01719</subfield>
   <subfield code="r">2018-09-04</subfield>
   <subfield code="v">52000.00</subfield>
   <subfield code="w">2018-09-04</subfield>
   <subfield code="y">BK</subfield>
  </datafield>
  <datafield tag="952" ind1=" " ind2=" ">
   <subfield code="0">0</subfield>
   <subfield code="1">0</subfield>
   <subfield code="2">ddc</subfield>
   <subfield code="4">0</subfield>
   <subfield code="6">005_300000000000000_H407</subfield>
   <subfield code="7">0</subfield>
   <subfield code="9">13388</subfield>
   <subfield code="a">000001</subfield>
   <subfield code="b">000001</subfield>
   <subfield code="d">2018-09-04</subfield>
   <subfield code="o">005.3 H407</subfield>
   <subfield code="p">MD.01716</subfield>
   <subfield code="r">2018-09-04</subfield>
   <subfield code="v">52000.00</subfield>
   <subfield code="w">2018-09-04</subfield>
   <subfield code="y">BK</subfield>
  </datafield>
  <datafield tag="980" ind1=" " ind2=" ">
   <subfield code="a">Thư viện Trường Đại học Nam Cần Thơ</subfield>
  </datafield>
 </record>
</collection>
